00653nam a2200229 a 4500001001300000003000900013005001700022008004100039020001000080082001600090100001800106245003600124260002900160300000900189500003500198505001900233650002400252902000800276942000700284952011700291999001500408nice12345678IN_TiNIC20260116012246.0050524s1958 lona grp 000 0 eng  ac10000a248.32bTER aTeresa, Saint aInterior Castle Or the Mansions aLondonbScm Press c1958 a127p aincludes index and biblioraphy2 aIndex of Names aPrayer-Christianity bSRS cBK 001040708StackRoom-aHMIbHMId2007-07-06g100.00l0o248.32 TERp011056r2007-07-06v100.00w2005-05-24yBK c6279d6279